| 000 | 00732nam a2200217 a 4500 | ||
|---|---|---|---|
| 001 | 59265 | ||
| 003 | BD-RjUL | ||
| 005 | 20211209080718.0 | ||
| 008 | 161222r19571953enka 000 0 eng d | ||
| 035 | _a(BD-RjUL)59389 | ||
| 040 |
_aLNU _cLNU _dUKM _dBD-RjUL _dEQO _beng |
||
| 041 | _aeng | ||
| 082 |
_223 _a930 _bELW 1957 |
||
| 100 | 1 |
_aElliot, Margaret M. _9176269 |
|
| 245 | 1 | 0 |
_aWe are their heirs : _ba history of life in the ancient world / _cby Margaret M. Elliot and Phyllis M. Russell ; with illustrations by Klaus Meyer |
| 260 |
_aLondon : _bEdward Arnold & co, _cc1953 [reprint 1957] |
||
| 300 |
_a224 p. : _bill. ; _c19 cm. |
||
| 650 | 0 |
_aHistory, Ancient _9176270 |
|
| 700 | 1 |
_aRussell, Phyllis M. _9176271 |
|
| 942 |
_2ddc _cBK |
||
| 999 |
_c59265 _d59265 |
||